Central Library OPAC University of Rajshahi

Current topics in developmental biology / (Record no. 12778)

MARC details
000 -LEADER
fixed length control field 00801nam a2200265 a 4500
001 - CONTROL NUMBER
control field 12778
003 - CONTROL NUMBER IDENTIFIER
rucl marc code BD-RjUL
005 - DATE AND TIME OF LATEST TRANSACTION
control field 20211208235344.0
008 - FIXED-LENGTH DATA ELEMENTS--GENERAL INFORMATION
fixed length control field 170513m19681966nyua b 001 0enggd
035 ## - SYSTEM CONTROL NUMBER
System control number (BD-RjUL)12828
040 ## - CATALOGING SOURCE
Original cataloging agency DLC
Language of cataloging eng
Transcribing agency DI
Modifying agency DLC
-- BD-RjUL
041 ## - LANGUAGE CODE
Language code of text/sound track or separate title eng
082 00 - DEWEY DECIMAL CLASSIFICATION NUMBER
Classification number 571.86
Author mark and year CUR 1968
Edition number 23
245 00 - TITLE STATEMENT
Title Current topics in developmental biology /
Statement of responsibility, etc. edited by A. A. Moscona and Alberto Monroy
260 ## - PUBLICATION, DISTRIBUTION, ETC. (IMPRINT)
Place of publication, distribution, etc. New York :
Name of publisher, distributor, etc. Academic Press,
Date of publication, distribution, etc. 1966-1968
300 ## - PHYSICAL DESCRIPTION
Pagination vol. :
Illustrations ill. ;
Size 24 cm
504 ## - BIBLIOGRAPHY, ETC. NOTE
Bibliography, etc Includes bibliographical references and index.
505 0# - FORMATTED CONTENTS NOTE
Formatted contents note Vol. 1-- v. 3--
650 #0 - SUBJECT ADDED ENTRY--TOPICAL TERM
Topical term or geographic name as entry element Embryology
9 (RLIN) 39813
Topical term or geographic name as entry element Cytogenetics
9 (RLIN) 39814
Topical term or geographic name as entry element Biology
9 (RLIN) 39815
700 ## - ADDED ENTRY--PERSONAL NAME
Personal name Moscona, A. A.
Personal name Monroy, Alberto.
942 ## - ADDED ENTRY ELEMENTS (KOHA)
Source of classification or shelving scheme Dewey Decimal Classification
Koha item type Books
Holdings
Lost status Source of classification or shelving scheme Damaged status Not for loan Collection code Permanent Location Current Location Shelving location Date acquired Source of acquisition Total Checkouts Full call number Date last seen Copy number Koha item type
  Dewey Decimal Classification   Not For Loan Non-fiction Central Library, University of Rajshahi Central Library, University of Rajshahi Reading Room 18/06/1975 Black Well   571.86 CUR V-1 1966 29/01/2014 C-1 Books
  Dewey Decimal Classification   Not For Loan Non-fiction Central Library, University of Rajshahi Central Library, University of Rajshahi Reading Room 18/06/1975 Black Well   571.86 CUR V-3 1968 13/05/2017 C-1 Books